[Event "Adelaide University op"]
[Site "Adelaide"]
[Date "2004.07.10"]
[Round "2"]
[White "Rogers, Ian"]
[Black "Finney, John"]
[Result "1-0"]
[WhiteElo "2646"]
[BlackElo "1588"]
[PlyCount "71"]
[EventDate "2004.07.10"]
[EventType "swiss"]
[EventRounds "7"]
[EventCountry "AUS"]
[SourceTitle "EXT 2006"]
[Source "ChessBase"]
[SourceDate "2005.11.24"]
[SourceVersion "1"]
[SourceVersionDate "2005.11.24"]
[SourceQuality "1"]

1. e4 e5 2. Nf3 Nc6 3. d4 exd4 4. Bc4 Bb4+ 5. c3 dxc3 6. bxc3 Be7 7. Qd5 Nh6 8. Bxh6 0-0 9. Be3 d6 10. Qh5 Be6 11. Bxe6 fxe6 12. h4 Bf6 13. Ng5 h6 14. Nxe6 Bxc3+ 15. Nxc3 Qf6 16. Nd4 Nxd4 17. Bxd4 Qxd4 18. Qd5+ Qxd5 19. Nxd5 Rae8 20. f3 c6 21. Nc3 Rf6 22. Kf2 b5 23. Rac1 b4 24. Ne2 c5 25. Ke3 a5 26. Nf4 Rf5 27. Rhd1 Rf6 28. Nd5 Rg6 29. g4 h5 30. g5 Rf8 31. Ne7+ Kh7 32. Nxg6 Kxg6 33. Rxd6+ Kh7 34. Rxc5 g6 35. Rxa5 b3 36. axb3 1-0